|
|
|
|
| LEADER |
00000nab a2200000Ia 4500 |
| 001 |
vtls010815614 |
| 003 |
SK-MaSNL |
| 005 |
20260305035345.0 |
| 008 |
230218|1971 xo |||||||||||||||||slo| |
| 035 |
|
|
|a (urnnbn)urn:nbn:sk:snk:ar-a053nv
|
| 035 |
|
|
|a urn:nbn:sk:snk-ab5k6k
|
| 035 |
|
|
|a (uuid)573a9248-1331-46bb-9fa6-b6457128eb63
|
| 040 |
|
|
|a SNKBUCL
|b slo
|c SNKBUCL
|e AACR2
|
| 041 |
0 |
|
|a slo
|
| 044 |
|
|
|a xo
|c SK
|
| 080 |
|
|
|a 338.27
|2 2001
|
| 080 |
|
|
|a 001.18
|2 2001
|
| 100 |
1 |
|
|a Unčovský, Ladislav,
|d 1929-
|4 aut
|9 215177
|
| 245 |
1 |
0 |
|a Metódy ekonomickej prognostiky
|c Ladislav Unčovský
|
| 504 |
|
|
|a Bibliogr. odkazy
|
| 650 |
0 |
7 |
|a ekonomické prognózy
|2 SNKPH
|9 2144
|
| 650 |
0 |
7 |
|a prognostika
|2 SNKPH
|9 4366
|
| 650 |
0 |
7 |
|a ekonomické prognózovanie
|2 SNKPH
|9 2143
|
| 773 |
0 |
|
|t Ekonomický časopis : časopis pre ekonomickú teóriu, hospodársku politiku, spoločensko-ekonomické prognózovanie
|g Roč. 19, č. 9 (1971), s. [808]-825
|
| 954 |
|
|
|a odborná, vedecká literatúra pôvodná (slovenská)
|2 lita
|
| 958 |
|
|
|a NB
|
| 958 |
|
|
|a OND
|
| 958 |
|
|
|a EUIPO
|
| 958 |
|
|
|a article5
|
| 999 |
|
|
|c 3333489
|d 3335419
|